[Event "zonal 3.5 (w)"]
[Site "Beijing CHN"]
[Date "2009.04.21"]
[Round "5"]
[White "Tan Zhongyi"]
[Black "Zhang Xiaowen"]
[Result "0-1"]
[WhiteElo "2436"]
[BlackElo "2340"]
[EventDate "2009.04.17"]
[PlyCount "134"]

1.d4 Nf6 2.c4 g6 3.Nc3 Bg7 4.e4 d6 5.f4 O-O 6.Nf3 Na6 7.Be2 e5 8.dxe5 dxe5
9.Qxd8 Rxd8 10.fxe5 Ng4 11.Bf4 Re8 12.Rd1 b6 13.O-O Bb7 14.e6 fxe6 15.h3 
e5 16.Bg5 Nf6 17.Nd2 Nd7 18.Bg4 Ndc5 19.Nd5 Rf8 20.Be7 Rxf1+ 21.Rxf1 Bh6 
22.Nb3 Bxd5 23.exd5 Be3+ 24.Kh2 Re8 25.Bh4 h5 26.Be2 Rf8 27.Rxf8+ Kxf8 28.
Nxc5 Nxc5 29.Bd8 Na6 30.Bd3 Kf7 31.a3 Bc1 32.b4 Bxa3 33.c5 Nxb4 34.Bc4 Ke8
35.Bxc7 Kd7 36.Bxe5 bxc5 37.Bb5+ Kc8 38.d6 Nd5 39.Bd3 g5 40.Bg6 Bc1 41.g3 
h4 42.Be4 hxg3+ 43.Kg2 Bf4 44.Bxf4 Nxf4+ 45.Kxg3 Kd7 46.h4 Nh5+ 47.Kh3 
gxh4 48.Kxh4 Nf6 49.Bd3 Kxd6 50.Kg3 Ke5 51.Kf3 Kd4 52.Ke2 Kc3 53.Ba6 Nd5 
54.Kd1 Nc7 55.Be2 a5 56.Kc1 a4 57.Kb1 Nd5 58.Bh5 Nb4 59.Be8 a3 60.Ba4 Nd5 
61.Be8 Kb4 62.Ka2 c4 63.Bh5 c3 64.Bg6 Ne3 65.Kb1 Kb3 66.Bf7+ Nc4 67.Bg6 
Nd2+ 0-1

[Event "zonal 3.5 (w)"]
[Site "Beijing CHN"]
[Date "2009.04.21"]
[Round "5"]
[White "Wang Jue"]
[Black "Huang Qian"]
[Result "1-0"]
[WhiteElo "2162"]
[BlackElo "2410"]
[EventDate "2009.04.17"]
[PlyCount "183"]

1.e4 d5 2.exd5 Qxd5 3.Nc3 Qd6 4.d4 c6 5.Bc4 Nf6 6.Nge2 Bf5 7.Ng3 Bg6 8.f4 
e6 9.Qe2 Be7 10.O-O O-O 11.Kh1 Re8 12.f5 Bxf5 13.Rxf5 exf5 14.Nxf5 Qd7 15.
Qf3 Bf8 16.Bg5 g6 17.Ne3 b5 18.Bb3 b4 19.Bxf6 bxc3 20.bxc3 h5 21.Rf1 Kh7 
22.Bc4 Bh6 23.Be5 f5 24.Bd3 Bxe3 25.Qxe3 Qf7 26.Qg5 Rxe5 27.dxe5 Nd7 28.
Rxf5 Qg7 29.e6 gxf5 30.Qxf5+ Kg8 31.exd7 Qe7 32.Qg6+ Kf8 33.Qh6+ Qg7 34.
Qxc6 Rd8 35.Qd6+ Qe7 36.Qh6+ Qg7 37.Qxh5 Rxd7 38.Qf5+ Ke7 39.Qe4+ Kd8 40.
Qh4+ Kc7 41.Qc4+ Kd8 42.h4 Qg3 43.Qe4 a5 44.h5 Qg5 45.Qf3 Rd5 46.g4 Re5 
47.Be4 Qe7 48.Qd3+ Kc7 49.Bf3 Qc5 50.Qd4 Re1+ 51.Kg2 Qg5 52.Qa7+ Kd8 53.
Qb8+ Ke7 54.Qc7+ Kf8 55.Qc8+ Ke7 56.Qc7+ Kf8 57.Qd6+ Kg7 58.Qd4+ Kf8 59.
Bd5 Re5 60.c4 Kg7 61.Kf3 Qe7 62.Qf4 Qa3+ 63.Kg2 Qe7 64.Qd4 Kh6 65.Kf3 Kg5 
66.Qf4+ Kh4 67.Qg3+ Kg5 68.Qf4+ Kh4 69.Be4 Rxe4 70.Qxe4 Qa3+ 71.Qd3 Qf8+ 
72.Qf5 Qa3+ 73.Ke4 Qxa2 74.Qf2+ Kg5 75.Qf4+ Kh4 76.Qh2+ Kg5 77.Qd2+ Kh4 
78.Kf5 Kg3 79.Qd3+ Kg2 80.g5 Qb2 81.Qd5+ Kf2 82.Qxa5 Qxc2+ 83.Kf6 Qxc4 84.
Qf5+ Kg3 85.g6 Kh4 86.Qg5+ Kh3 87.Qe3+ Kh4 88.h6 Qc6+ 89.Qe6 Qc3+ 90.Kf7 
Kh5 91.g7 Qc7+ 92.Kf8 1-0

[Event "zonal 3.5 (w)"]
[Site "Beijing CHN"]
[Date "2009.04.21"]
[Round "5"]
[White "Wang Xiaohui"]
[Black "Wang Yu"]
[Result "1/2-1/2"]
[WhiteElo "2265"]
[BlackElo "2109"]
[EventDate "2009.04.17"]
[PlyCount "167"]

1.d4 d5 2.c4 c6 3.Nf3 Nf6 4.Nc3 dxc4 5.a4 Bf5 6.Ne5 e6 7.e3 Nbd7 8.Nxc4 
Bb4 9.Be2 O-O 10.O-O Qc7 11.Na2 Be7 12.b4 e5 13.Bb2 exd4 14.Bxd4 c5 15.
bxc5 Nxc5 16.Be5 Qd8 17.Nd6 Be6 18.Nc3 Ne8 19.Ncb5 Nxd6 20.Nxd6 Bf6 21.
Bxf6 Qxf6 22.Qd4 Qxd4 23.exd4 Nb3 24.Rad1 Rad8 25.Nxb7 Rxd4 26.Rxd4 Nxd4 
27.Ba6 g6 28.Rd1 Nc6 29.Nc5 Rd8 30.Rc1 Bd5 31.f3 Kg7 32.Bb5 Nd4 33.Rd1 
Nxb5 34.axb5 Kf6 35.Kf2 Ke5 36.Ke3 g5 37.g3 Re8 38.Ra1 Bc4 39.Rxa7 Kd5+ 
40.Ne4 f5 41.Rd7+ Ke6 42.Nc5+ Kf6+ 43.Kd4 Bxb5 44.Rd6+ Kf7 45.Rb6 Be2 46.
Rb7+ Kg6 47.f4 gxf4 48.gxf4 Bf3 49.Rb6+ Kh5 50.Ne6 Kg4 51.Ke5 Be2 52.Rc6 
Bb5 53.Rc7 Ba4 54.Kf6 Bb3 55.Rg7+ Kh3 56.Rxh7+ Kg4 57.Rg7+ Kh5 58.Rg5+ Kh6
59.Nd4 Rf8+ 60.Ke5 Re8+ 61.Kxf5 Bf7 62.Kg4 Bg6 63.h4 Re1 64.Nf3 Rf1 65.f5 
Be8 66.Nd4 Rg1+ 67.Kf4 Rh1 68.Rg8 Rxh4+ 69.Ke5 Bh5 70.Ne6 Kh7 71.Rg7+ Kh6 
72.f6 Ra4 73.Nd4 Ra5+ 74.Kf4 Ra4 75.Ke5 Ra5+ 76.Ke4 Bg6+ 77.Kf4 Ra6 78.Ke5
Ra5+ 79.Ke6 Ra6+ 80.Ke5 Ra5+ 81.Kf4 Ra6 82.Nf5+ Bxf5 83.Kxf5 Ra5+ 84.Kf4 
1/2-1/2

[Event "zonal 3.5 (w)"]
[Site "Beijing CHN"]
[Date "2009.04.21"]
[Round "5"]
[White "Zhang Jilin"]
[Black "Ding Yixin"]
[Result "1-0"]
[WhiteElo "2335"]
[BlackElo "2281"]
[EventDate "2009.04.17"]
[PlyCount "111"]

1.e4 c5 2.Nf3 d6 3.d4 cxd4 4.Nxd4 Nf6 5.Nc3 a6 6.Be2 e5 7.Nb3 Be7 8.O-O 
O-O 9.Kh1 Nc6 10.f3 b5 11.Be3 Na5 12.Nxa5 Qxa5 13.Qd2 Qc7 14.a4 b4 15.Nd5 
Nxd5 16.exd5 a5 17.c3 bxc3 18.bxc3 Ba6 19.Bb5 Rfb8 20.c4 h6 21.Rac1 Rd8 
22.Rfd1 Bc8 23.Bc6 Rb8 24.Rb1 Ba6 25.Rxb8 Rxb8 26.Bb5 Bc8 27.c5 Bf5 28.c6 
Bd8 29.h3 Qe7 30.Qf2 Bc7 31.Ba7 Re8 32.Re1 Bc8 33.Bb6 f5 34.Bxc7 Qxc7 35.
f4 e4 36.Qe3 Kf8 37.Rb1 Re7 38.Be2 Ke8 39.Kg1 Kd8 40.g3 Rf7 41.Kf2 Rf8 42.
Qb6 Rf7 43.Ke3 Qxb6+ 44.Rxb6 Ra7 45.g4 g6 46.Rb1 Ra8 47.gxf5 gxf5 48.Bh5 
Kc7 49.Rg1 Rb8 50.Rg7+ Kb6 51.Kd4 Ba6 52.Bf7 Bf1 53.Be6 Rf8 54.Rb7+ Ka6 
55.Rb1 Bd3 56.Rc1 1-0

[Event "zonal 3.5 (w)"]
[Site "Beijing CHN"]
[Date "2009.04.22"]
[Round "6"]
[White "Ding Yixin"]
[Black "Wang Xiaohui"]
[Result "0-1"]
[WhiteElo "2281"]
[BlackElo "2265"]
[EventDate "2009.04.17"]
[PlyCount "96"]

1.e4 c5 2.Nf3 e6 3.d4 cxd4 4.Nxd4 a6 5.Nc3 Qc7 6.Be2 Nf6 7.O-O Be7 8.f4 d6
9.Be3 O-O 10.Kh1 b5 11.e5 dxe5 12.fxe5 Nfd7 13.Bf4 Bb7 14.Bd3 Nc5 15.Qg4 
Nxd3 16.cxd3 Nc6 17.Nf3 Kh8 18.Ne4 Nb4 19.Nf6 Nxd3 20.Ng5 Nxf4 21.Rxf4 h6 
22.Re1 Qc2 23.Nge4 Rad8 24.Nh5 g6 25.Nhf6 Bxf6 26.exf6 Bxe4 27.Rfxe4 Rd5 
28.R4e2 Qf5 29.Qh4 Kh7 30.Rf2 g5 31.Qg3 Qd3 32.Rf3 Qc2 33.h3 Rd1 34.Rff1 
Rxe1 35.Rxe1 Rd8 36.Kh2 Rd7 37.Qa3 Qf2 38.Qc3 Rd2 39.Rg1 Rxb2 40.a3 Rc2 
41.Qb3 Rc4 42.Qd3+ Qf5 43.Qd8 Rf4 44.Qd6 Qxf6 45.Qxa6 Qe5 46.Kh1 g4 47.Qb6
gxh3 48.gxh3 Rf3 0-1

[Event "zonal 3.5 (w)"]
[Site "Beijing CHN"]
[Date "2009.04.22"]
[Round "6"]
[White "Gu Xiaobing"]
[Black "Wang Jue"]
[Result "1-0"]
[WhiteElo "2336"]
[BlackElo "2162"]
[EventDate "2009.04.17"]
[PlyCount "71"]

1.e4 c5 2.Ne2 d6 3.g3 e6 4.Bg2 a6 5.c3 b5 6.d4 cxd4 7.cxd4 Bb7 8.O-O Nf6 
9.Qd3 Nc6 10.a4 bxa4 11.Rxa4 Qd7 12.d5 Nd8 13.Nbc3 Be7 14.Rd1 exd5 15.exd5
O-O 16.Nd4 g6 17.Ra1 Ng4 18.Bf4 Ne5 19.Bxe5 dxe5 20.Nc6 Bd6 21.Na4 Qc7 22.
Rac1 Rc8 23.Rc3 Bxc6 24.dxc6 Qa5 25.Qxd6 Qxa4 26.Rcc1 Qb3 27.Rd2 Qb6 28.c7
Qxd6 29.Rxd6 Ne6 30.Rd7 Nd4 31.Bb7 Ne2+ 32.Kf1 Nxc1 33.Bxc8 Nb3 34.Rd8 Nc5
35.Rxf8+ Kxf8 36.Bxa6 1-0

[Event "zonal 3.5 (w)"]
[Site "Beijing CHN"]
[Date "2009.04.22"]
[Round "6"]
[White "Huang Qian"]
[Black "Zhang Jilin"]
[Result "1-0"]
[WhiteElo "2410"]
[BlackElo "2335"]
[EventDate "2009.04.17"]
[PlyCount "135"]

1.d4 Nf6 2.Bg5 d5 3.e3 Nbd7 4.c4 e6 5.Nc3 Be7 6.Nf3 O-O 7.Qc2 a6 8.cxd5 
exd5 9.Bd3 c6 10.O-O Re8 11.Rab1 h6 12.Bf4 Nf8 13.h3 Bd6 14.Be5 Bxe5 15.
Nxe5 c5 16.f4 cxd4 17.exd4 Ne6 18.Qf2 Qb6 19.Rbd1 Qd6 20.Rfe1 b5 21.f5 Ng5
22.h4 Ngh7 23.g4 Ra7 24.Qg2 b4 25.Ne2 Rae7 26.g5 hxg5 27.hxg5 Ne4 28.Bxe4 
dxe4 29.Nc4 Qd8 30.Ne3 Rb7 31.f6 Kh8 32.Nf4 gxf6 33.g6 Ng5 34.Kf2 fxg6 35.
Nxg6+ Kg7 36.Nf4 Qd6 37.Qg3 Qxf4+ 38.Qxf4 Nh3+ 39.Kg3 Nxf4 40.Kxf4 Kf8 41.
Rh1 Rg7 42.Rh8+ Rg8 43.Rxg8+ Kxg8 44.Rc1 Kf7 45.Rc7+ Kg6 46.d5 Rh8 47.Kxe4
Rh4+ 48.Kd3 Bf5+ 49.Nxf5 Kxf5 50.Re7 Kg6 51.d6 Rh1 52.Kc4 Rd1 53.Kc5 f5 
54.Kc6 f4 55.d7 f3 56.Re8 f2 57.Rf8 Rc1+ 58.Kb6 Rd1 59.Rxf2 Rxd7 60.Kxa6 
Rd8 61.Kb5 Ra8 62.Kxb4 Rxa2 63.Kc3 Kg5 64.Rf1 Ra8 65.b4 Rc8+ 66.Kd4 Rb8 
67.Kc5 Rc8+ 68.Kd6 1-0

[Event "zonal 3.5 (w)"]
[Site "Beijing CHN"]
[Date "2009.04.22"]
[Round "6"]
[White "Ju Wenjun"]
[Black "Tan Zhongyi"]
[Result "1/2-1/2"]
[WhiteElo "2454"]
[BlackElo "2436"]
[EventDate "2009.04.17"]
[PlyCount "62"]

1.d4 Nf6 2.c4 g6 3.Nf3 Bg7 4.g3 O-O 5.Bg2 c6 6.O-O d5 7.cxd5 cxd5 8.Ne5 
Ng4 9.Nf3 Nc6 10.Nc3 e6 11.Bf4 Bd7 12.e3 h6 13.h3 Nf6 14.g4 Qe7 15.Ne5 
Rfd8 16.Nd3 Rac8 17.Rc1 Na5 18.Qe2 Nc4 19.b3 Nd6 20.Rc2 Nde4 21.Rfc1 Nxc3 
22.Rxc3 Rxc3 23.Rxc3 Rc8 24.Rxc8+ Bxc8 25.Qc2 Qd8 26.Bc7 Qe8 27.Bb8 a6 28.
Be5 Bd7 29.Qc7 Qd8 30.Nc5 Qxc7 31.Bxc7 Bc6 1/2-1/2

[Event "zonal 3.5 (w)"]
[Site "Beijing CHN"]
[Date "2009.04.22"]
[Round "6"]
[White "Wang Yu"]
[Black "Ruan Lufei"]
[Result "1/2-1/2"]
[WhiteElo "2109"]
[BlackElo "2486"]
[EventDate "2009.04.17"]
[PlyCount "65"]

1.e4 e5 2.Bc4 Nc6 3.Nc3 Nf6 4.d3 Bb4 5.Ne2 d5 6.exd5 Nxd5 7.O-O Be6 8.Bxd5
Bxd5 9.f4 O-O 10.fxe5 Nxe5 11.d4 Ng6 12.Qd3 Bxc3 13.Nxc3 c6 14.Bd2 Re8 15.
Rae1 Rxe1 16.Rxe1 Be6 17.b3 Qd7 18.Ne4 Bf5 19.Qe3 Bxe4 20.Qxe4 Rd8 21.Bc3 
f6 22.Bb2 Qd5 23.c4 Qxe4 24.Rxe4 Kf7 25.Kf2 h5 26.Re2 Ne7 27.Rd2 Nf5 28.g3
g5 29.Kf3 Kg6 30.d5 cxd5 31.cxd5 Kf7 32.a3 Re8 33.d6 1/2-1/2

[Event "zonal 3.5 (w)"]
[Site "Beijing CHN"]
[Date "2009.04.22"]
[Round "6"]
[White "Zhang Xiaowen"]
[Black "Shen Yang"]
[Result "0-1"]
[WhiteElo "2340"]
[BlackElo "2420"]
[EventDate "2009.04.17"]
[PlyCount "70"]

1.e4 c6 2.d4 d5 3.Nd2 dxe4 4.Nxe4 Bf5 5.Ng3 Bg6 6.h4 h6 7.Nf3 Nd7 8.h5 Bh7
9.Bd3 Bxd3 10.Qxd3 e6 11.Bd2 Ngf6 12.O-O-O Qc7 13.Ne4 O-O-O 14.g3 Nxe4 15.
Qxe4 Bd6 16.c4 c5 17.Bc3 Nf6 18.Qe2 Rhe8 19.Kb1 a6 20.Ka1 cxd4 21.Nxd4 Rd7
22.Nb3 Qc6 23.Rhe1 Red8 24.Rc1 Bc7 25.Bxf6 gxf6 26.Qe3 a5 27.Rc2 a4 28.Nc1
Ba5 29.Ree2 Rd1 30.Kb1 Qh1 31.Qxh6 Bd2 32.Rexd2 R8xd2 33.Qf8+ Rd8 34.Qxf7 
Qe4 35.b3 a3 0-1

[Event "zonal 3.5 (w)"]
[Site "Beijing CHN"]
[Date "2009.04.24"]
[Round "7"]
[White "Ju Wenjun"]
[Black "Gu Xiaobing"]
[Result "1/2-1/2"]
[WhiteElo "2454"]
[BlackElo "2336"]
[EventDate "2009.04.17"]
[PlyCount "62"]

1.d4 Nf6 2.c4 g6 3.Nc3 Bg7 4.e4 d6 5.Nf3 O-O 6.Be2 e5 7.O-O Na6 8.Be3 c6 
9.Re1 exd4 10.Nxd4 Nc5 11.f3 a5 12.Qd2 Nfd7 13.Rad1 Re8 14.Bf1 Qh4 15.Nde2
Be5 16.g3 Qe7 17.Bg5 Bf6 18.Bxf6 Qxf6 19.f4 Nxe4 20.Nxe4 Rxe4 21.Nc3 Rxe1 
22.Rxe1 Nc5 23.Re8+ Kg7 24.Bh3 Bxh3 25.Rxa8 a4 26.Re8 Bf5 27.Re3 h5 28.Ne2
Be4 29.Nc3 Bf5 30.Ne2 Be4 31.Nc3 Bf5 1/2-1/2

[Event "zonal 3.5 (w)"]
[Site "Beijing CHN"]
[Date "2009.04.24"]
[Round "7"]
[White "Ruan Lufei"]
[Black "Wang Jue"]
[Result "1/2-1/2"]
[WhiteElo "2486"]
[BlackElo "2162"]
[EventDate "2009.04.17"]
[PlyCount "68"]

1.e4 c5 2.Nf3 d6 3.d4 cxd4 4.Nxd4 Nf6 5.Nc3 e6 6.Be2 Be7 7.O-O O-O 8.f4 a6
9.Kh1 Qc7 10.a4 Nc6 11.Be3 Re8 12.Bf3 Bd7 13.Nb3 b6 14.g4 Bc8 15.g5 Nd7 
16.Bg2 Bb7 17.Rf3 Nb4 18.Rh3 g6 19.Qd2 Nc5 20.Qf2 f5 21.exf5 exf5 22.Rd1 
Bf8 23.Rd4 Ne4 24.Nxe4 Rxe4 25.Bd2 Rae8 26.Rxe4 Rxe4 27.Kg1 Qe7 28.Bxb4 
Rxb4 29.Re3 Be4 30.Re1 Qb7 31.Bxe4 Rxe4 32.Rxe4 Qxe4 33.Nd4 Bg7 34.c3 Bxd4
1/2-1/2

[Event "zonal 3.5 (w)"]
[Site "Beijing CHN"]
[Date "2009.04.24"]
[Round "7"]
[White "Shen Yang"]
[Black "Ding Yixin"]
[Result "1/2-1/2"]
[WhiteElo "2420"]
[BlackElo "2281"]
[EventDate "2009.04.17"]
[PlyCount "75"]

1.d4 d5 2.Nf3 Nf6 3.c4 dxc4 4.e3 e6 5.Bxc4 c5 6.O-O a6 7.Bb3 Nc6 8.Nc3 Be7
9.dxc5 Qxd1 10.Rxd1 Bxc5 11.Bd2 Ke7 12.Rac1 Ba7 13.Na4 Rd8 14.Be1 Rxd1 15.
Bxd1 Kd6 16.Ng5 Ke7 17.Bf3 Bd7 18.Nc5 Bxc5 19.Rxc5 h6 20.Ne4 Nd5 21.Be2 
Rc8 22.Bd2 f5 23.Ng3 Kd6 24.Rc1 Nce7 25.Rxc8 Nxc8 26.e4 fxe4 27.Nxe4+ Kc6 
28.f3 Nd6 29.Kf2 e5 30.Ng3 Nf4 31.Bf1 Kd5 32.h4 Be8 33.b3 Bg6 34.Ne2 Nxe2 
35.Bxe2 Bb1 36.a3 Bc2 37.b4 Nc4 38.Bxc4+ 1/2-1/2

[Event "zonal 3.5 (w)"]
[Site "Beijing CHN"]
[Date "2009.04.24"]
[Round "7"]
[White "Tan Zhongyi"]
[Black "Huang Qian"]
[Result "1/2-1/2"]
[WhiteElo "2436"]
[BlackElo "2410"]
[EventDate "2009.04.17"]
[PlyCount "61"]

1.d4 Nf6 2.c4 g6 3.Nc3 Bg7 4.e4 d6 5.Bg5 h6 6.Be3 Ng4 7.Bc1 e5 8.d5 f5 9.
exf5 gxf5 10.h3 Nf6 11.g4 Na6 12.Nge2 fxg4 13.Ng3 e4 14.Be2 gxh3 15.Bh5+ 
Nxh5 16.Qxh5+ Kf8 17.Ncxe4 Qe8 18.Be3 Qxh5 19.Nxh5 Rg8 20.O-O-O Bf5 21.
Neg3 Bd7 22.Nxg7 Rxg7 23.Nh5 Kf7 24.Rd4 Rg4 25.Rf4+ Rxf4 26.Nxf4 Nc5 27.
Nxh3 Nd3+ 28.Kc2 Bf5 29.Kc3 Re8 30.Nf4 Nxf4 31.Rxh6 1/2-1/2

[Event "zonal 3.5 (w)"]
[Site "Beijing CHN"]
[Date "2009.04.24"]
[Round "7"]
[White "Wang Xiaohui"]
[Black "Zhang Jilin"]
[Result "1/2-1/2"]
[WhiteElo "2265"]
[BlackElo "2335"]
[EventDate "2009.04.17"]
[PlyCount "98"]

1.d4 Nf6 2.c4 g6 3.Nc3 d5 4.Nf3 Bg7 5.Bf4 O-O 6.Rc1 c6 7.e3 Be6 8.c5 b5 9.
cxb6 axb6 10.Be2 Bg4 11.h3 Bxf3 12.Bxf3 Nfd7 13.O-O e5 14.dxe5 Nxe5 15.Be2
Nbd7 16.a3 Nc4 17.Bxc4 dxc4 18.Qf3 Qc8 19.Rfd1 Ne5 20.Bxe5 Bxe5 21.Qe4 
Bxc3 22.Rxc3 b5 23.Rd6 Ra6 24.Qe5 Rd8 25.Rc1 Rxd6 26.Qxd6 c5 27.Qd5 Qc7 
28.Qe4 Kg7 29.Qe8 Rb6 30.Rd1 Rb8 31.Rd7 Rxe8 32.Rxc7 Re5 33.Rb7 b4 34.axb4
cxb4 35.Rxb4 Rc5 36.g4 c3 37.bxc3 Rxc3 38.Rb7 Rc5 39.Kg2 h5 40.gxh5 Rxh5 
41.f4 Ra5 42.h4 Ra2+ 43.Kf3 Rh2 44.Kg3 Re2 45.Re7 Kf8 46.Re4 Re1 47.Kg2 
Re2+ 48.Kf3 Rh2 49.Kg3 Re2 1/2-1/2

[Event "zonal 3.5 (w)"]
[Site "Beijing CHN"]
[Date "2009.04.24"]
[Round "7"]
[White "Zhang Xiaowen"]
[Black "Wang Yu"]
[Result "1/2-1/2"]
[WhiteElo "2340"]
[BlackElo "2109"]
[EventDate "2009.04.17"]
[PlyCount "49"]

1.e4 e5 2.Nf3 Nc6 3.Bb5 a6 4.Ba4 Nf6 5.d3 b5 6.Bb3 Be7 7.a4 Bb7 8.O-O O-O 
9.Nc3 b4 10.Nd5 Nxd5 11.Bxd5 d6 12.a5 Nxa5 13.Rxa5 c6 14.Ra4 cxd5 15.Rxb4 
Qc7 16.Re1 a5 17.Ra4 Bc6 18.Ra1 dxe4 19.dxe4 f5 20.Nd2 fxe4 21.Nxe4 d5 22.
Ng5 Qd6 23.Qh5 Bxg5 24.Qxg5 Rfe8 25.Ra3 1/2-1/2

[Event "zonal 3.5 (w)"]
[Site "Beijing CHN"]
[Date "2009.04.25"]
[Round "8"]
[White "Ding Yixin"]
[Black "Tan Zhongyi"]
[Result "1-0"]
[WhiteElo "2281"]
[BlackElo "2436"]
[EventDate "2009.04.17"]
[PlyCount "69"]

1.e4 e5 2.Nf3 Nc6 3.Bb5 a6 4.Ba4 Nf6 5.O-O Be7 6.Bxc6 dxc6 7.Qe1 Nd7 8.d3 
O-O 9.Nbd2 f6 10.Nc4 Nc5 11.Be3 Be6 12.Qc3 Na4 13.Qa5 b5 14.b3 Nc5 15.Ncd2
Nb7 16.Qc3 c5 17.a3 Qd7 18.h3 a5 19.Rfd1 a4 20.bxa4 Rxa4 21.Qb2 Rfa8 22.
Rab1 c6 23.c4 b4 24.axb4 Ra2 25.Qc1 cxb4 26.c5 Qxd3 27.Rxb4 Nxc5 28.Bxc5 
Rc2 29.Bxe7 Rxc1 30.Rxc1 Ra2 31.Rb8+ Kf7 32.Rb7 Bc8 33.Rc7 Bd7 34.Bb4 Ke6 
35.R1xc6+ 1-0

[Event "zonal 3.5 (w)"]
[Site "Beijing CHN"]
[Date "2009.04.25"]
[Round "8"]
[White "Gu Xiaobing"]
[Black "Zhang Jilin"]
[Result "0-1"]
[WhiteElo "2336"]
[BlackElo "2335"]
[EventDate "2009.04.17"]
[PlyCount "140"]

1.e4 c5 2.Nf3 e6 3.d4 cxd4 4.Nxd4 Nf6 5.Bd3 Nc6 6.Nxc6 bxc6 7.O-O d5 8.Nd2
Be7 9.Re1 O-O 10.c3 Qc7 11.e5 Nd7 12.Nf3 f5 13.exf6 Nxf6 14.Qe2 Bd6 15.Bg5
Bd7 16.Bh4 Rae8 17.Bg3 Bxg3 18.hxg3 e5 19.Bc2 Ng4 20.Rf1 e4 21.Nh2 Ne5 22.
Rad1 Rf6 23.Rd4 Rh6 24.Re1 Qd6 25.Bxe4 Qc7 26.f4 Nf7 27.Qd2 Rhe6 28.Bxh7+ 
Kxh7 29.Rf1 Re4 30.Nf3 Bg4 31.Kh2 Qd6 32.Rxe4 dxe4 33.Qxd6 Nxd6 34.Ne5 Be6
35.b3 Nb5 36.c4 Nc3 37.Re1 Nxa2 38.Rxe4 Bf5 39.Rd4 c5 40.Rd5 Rc8 41.g4 Nb4
42.Rd6 Bc2 43.g5 a5 44.Rd7 Nc6 45.Nf7 Bf5 46.Rd6 Kg8 47.Ne5 Nxe5 48.fxe5 
Bc2 49.e6 Re8 50.Rb6 Bf5 51.Rb5 Rxe6 52.Rxc5 Bc2 53.Rb5 Re3 54.Rxa5 Rxb3 
55.Rc5 Rc3 56.Rc7 Kh7 57.c5 Be4 58.g3 Kg6 59.Kh3 Bf3 60.g4 Be4+ 61.Kh2 Bd5
62.Kg1 Rg3+ 63.Kf2 Rxg4 64.Rd7 Rxg5 65.Rd6+ Kf7 66.c6 Be6 67.Ke3 Ke7 68.
Rd1 Rc5 69.Rg1 Kf6 70.Rf1+ Bf5 0-1

[Event "zonal 3.5 (w)"]
[Site "Beijing CHN"]
[Date "2009.04.25"]
[Round "8"]
[White "Huang Qian"]
[Black "Ruan Lufei"]
[Result "1-0"]
[WhiteElo "2410"]
[BlackElo "2486"]
[EventDate "2009.04.17"]
[PlyCount "79"]

1.d4 d5 2.c4 c6 3.Nf3 Nf6 4.Nc3 e6 5.Bg5 h6 6.Bh4 dxc4 7.e4 g5 8.Bg3 b5 9.
Be2 Bb7 10.h4 g4 11.Ne5 Rg8 12.O-O Nbd7 13.Nxd7 Qxd7 14.Be5 Qe7 15.Qc2 Nd7
16.Bg3 e5 17.d5 Qf6 18.b3 b4 19.dxc6 Bxc6 20.Nd5 Bxd5 21.exd5 c3 22.a3 a5 
23.axb4 Bxb4 24.Bb5 Kd8 25.Rfe1 Re8 26.Qe2 Qf5 27.Bc6 Ra7 28.Qb5 Rc7 29.
Rad1 c2 30.d6 Rc8 31.Bxd7 cxd1=Q 32.Rxd1 Qc2 33.Bxg4 Qxd1+ 34.Bxd1 Rc1 35.
Qb8+ Kd7 36.Qb7+ Kxd6 37.Qf3 f5 38.Kh2 Ba3 39.Qd3+ Kc7 40.Bh5 1-0

[Event "zonal 3.5 (w)"]
[Site "Beijing CHN"]
[Date "2009.04.25"]
[Round "8"]
[White "Ju Wenjun"]
[Black "Zhang Xiaowen"]
[Result "1-0"]
[WhiteElo "2454"]
[BlackElo "2340"]
[EventDate "2009.04.17"]
[PlyCount "64"]

1.d4 Nf6 2.c4 g6 3.Nf3 Bg7 4.g3 O-O 5.Bg2 d6 6.O-O c5 7.d5 e6 8.Nc3 exd5 
9.cxd5 Re8 10.Nd2 Nbd7 11.a4 a6 12.h3 Rb8 13.Nc4 Nb6 14.Na3 Nfd7 15.Bd2 
Nxa4 16.Qxa4 b5 17.Qc2 b4 18.Nc4 bxc3 19.Bxc3 Bxc3 20.bxc3 Ne5 21.Na5 Rb5 
22.Qa4 Nd7 23.e3 Qf6 24.Rfc1 g5 25.Ra2 Nb6 26.Qd1 Bf5 27.Nc6 c4 28.Nd4 Rc5
29.Qf3 Re5 30.e4 g4 31.hxg4 Qh6 32.Qf4 Qxf4 1-0

[Event "zonal 3.5 (w)"]
[Site "Beijing CHN"]
[Date "2009.04.25"]
[Round "8"]
[White "Wang Jue"]
[Black "Wang Xiaohui"]
[Result "1/2-1/2"]
[WhiteElo "2162"]
[BlackElo "2265"]
[EventDate "2009.04.17"]
[PlyCount "79"]

1.e4 c5 2.Nf3 e6 3.d4 cxd4 4.Nxd4 a6 5.Bd3 Nf6 6.O-O Qc7 7.Qe2 d6 8.c4 g6 
9.Nc3 Bg7 10.Rd1 O-O 11.Nf3 Nc6 12.h3 Nd7 13.Be3 Bxc3 14.bxc3 e5 15.c5 
Nxc5 16.Bxc5 dxc5 17.Qe3 Na5 18.Be2 Be6 19.Rd2 Rad8 20.Rad1 Rxd2 21.Qxd2 
f6 22.Nh2 Nc4 23.Bxc4 Bxc4 24.Ng4 Be6 25.Ne3 Kg7 26.Nd5 Qa5 27.f4 exf4 28.
Qxf4 Bxd5 29.exd5 Qxc3 30.d6 Qe5 31.Qf3 Qh5 32.Qxb7+ Rf7 33.Qb3 Rd7 34.Qa4
Rd8 35.Re1 Qd5 36.Re7+ Kf8 37.Rd7 Rb8 38.Qf4 Rb1+ 39.Kh2 Qe5 40.Rd8+ 
1/2-1/2

[Event "zonal 3.5 (w)"]
[Site "Beijing CHN"]
[Date "2009.04.25"]
[Round "8"]
[White "Wang Yu"]
[Black "Shen Yang"]
[Result "1/2-1/2"]
[WhiteElo "2109"]
[BlackElo "2420"]
[EventDate "2009.04.17"]
[PlyCount "132"]

1.e4 e6 2.Qe2 e5 3.Nf3 Nc6 4.c3 Nf6 5.d4 exd4 6.e5 Nd5 7.Qe4 Nde7 8.Nxd4 
d5 9.exd6 Qxd6 10.Nb5 Qd8 11.Bf4 Bf5 12.Nxc7+ Qxc7 13.Qxf5 Nxf5 14.Bxc7 
Kd7 15.Bf4 Re8+ 16.Kd1 Bc5 17.Bd3 Nd6 18.Nd2 Ne5 19.Bxe5 Rxe5 20.Rf1 a5 
21.Kc2 Rc8 22.Rad1 Kc7 23.a4 h6 24.Nf3 Re7 25.Rde1 Rce8 26.Rxe7+ Rxe7 27.
Nd2 Kc6 28.f3 b6 29.Rb1 Kd5 30.Ne4 Nxe4 31.Bxe4+ Kd6 32.b4 axb4 33.cxb4 
Bf2 34.Kb3 Rc7 35.Rd1+ Ke7 36.Bd5 g5 37.Bc4 h5 38.Rd5 f6 39.Rd2 Bg1 40.
Re2+ Kf8 41.Re6 Kg7 42.h3 h4 43.a5 bxa5 44.bxa5 Rd7 45.a6 Bd4 46.Kb4 Rc7 
47.Re8 f5 48.Rb8 Kf6 49.Rf8+ Ke5 50.Rd8 Ba7 51.Rd5+ Kf4 52.Bd3 Rf7 53.Kb5 
g4 54.fxg4 fxg4 55.hxg4 Kxg4 56.Kc6 h3 57.gxh3+ Kxh3 58.Bf5+ Kg3 59.Bd7 
Rf6+ 60.Kb7 Bf2 61.Rb5 Rf7 62.Kc7 Rf6 63.Bc6 Rf7+ 64.Kc8 Kf4 65.Bd7 Rf8+ 
66.Kc7 Rf6 1/2-1/2

[Event "zonal 3.5 (w)"]
[Site "Beijing CHN"]
[Date "2009.04.26"]
[Round "9"]
[White "Ruan Lufei"]
[Black "Ding Yixin"]
[Result "1-0"]
[WhiteElo "2486"]
[BlackElo "2281"]
[EventDate "2009.04.17"]
[PlyCount "81"]

1.e4 c5 2.Nf3 d6 3.d4 cxd4 4.Nxd4 Nf6 5.Nc3 a6 6.Be2 e5 7.Nb3 Be7 8.Be3 
O-O 9.g4 Be6 10.g5 Nfd7 11.Qd2 Nb6 12.O-O-O a5 13.Kb1 a4 14.Nc1 a3 15.b3 
Qc7 16.Nb5 Qc6 17.Qc3 Qxc3 18.Nxc3 N8d7 19.Nb5 d5 20.Nc7 Ra5 21.Bd2 Ra7 
22.exd5 Nxd5 23.Nxe6 fxe6 24.c4 N5b6 25.Bg4 Kf7 26.Rhe1 Rc8 27.f4 Ra6 28.
Bc3 Rc7 29.Nd3 g6 30.Nxe5+ Nxe5 31.Bxe5 Rd7 32.Bf3 Bb4 33.Rf1 Ra5 34.Kc2 
Ke7 35.Bf6+ Kf7 36.h4 Bd6 37.Bxb7 Rxb7 38.Rxd6 Nd7 39.Bc3 Rc5 40.Rfd1 Nb8 
41.Rd8 1-0

[Event "zonal 3.5 (w)"]
[Site "Beijing CHN"]
[Date "2009.04.26"]
[Round "9"]
[White "Shen Yang"]
[Black "Ju Wenjun"]
[Result "1/2-1/2"]
[WhiteElo "2420"]
[BlackElo "2454"]
[EventDate "2009.04.17"]
[PlyCount "79"]

1.d4 Nf6 2.c4 g6 3.Nc3 Bg7 4.e4 d6 5.Nf3 O-O 6.Be2 e5 7.O-O Nc6 8.d5 Ne7 
9.b4 Nh5 10.Re1 f5 11.Ng5 Nf6 12.f3 Kh8 13.Rb1 c6 14.Be3 h6 15.Ne6 Bxe6 
16.dxe6 Ne8 17.Qd2 f4 18.Bf2 Nc7 19.Red1 Nc8 20.Bc5 Nxe6 21.Bxd6 Nxd6 22.
Qxd6 Qf6 23.Qd2 Rfd8 24.Qe1 Nd4 25.Bd3 Rd7 26.Ne2 Rad8 27.Nxd4 Rxd4 28.Be2
Bf8 29.Kf1 R8d7 30.Rxd4 Rxd4 31.Rd1 Qd8 32.a3 a5 33.c5 axb4 34.axb4 b6 35.
Rxd4 Qxd4 36.cxb6 Qxb6 37.Qc3 Qxb4 38.Qxb4 Bxb4 39.Bc4 Kg7 40.h3 1/2-1/2

[Event "zonal 3.5 (w)"]
[Site "Beijing CHN"]
[Date "2009.04.26"]
[Round "9"]
[White "Tan Zhongyi"]
[Black "Wang Yu"]
[Result "1-0"]
[WhiteElo "2436"]
[BlackElo "2109"]
[EventDate "2009.04.17"]
[PlyCount "83"]

1.d4 d5 2.c4 c6 3.Nf3 Nf6 4.Nc3 dxc4 5.a4 Bf5 6.Ne5 Na6 7.e3 Nb4 8.Bxc4 e6
9.O-O Bd6 10.Qe2 Nc2 11.Rb1 Nd5 12.Bd2 O-O 13.Rbc1 Nb6 14.Bb3 Bxe5 15.Bxc2
Bxc2 16.Rxc2 Bd6 17.a5 Nd7 18.a6 b6 19.Qf3 c5 20.Nb5 Be7 21.Qb7 cxd4 22.
exd4 Nf6 23.Nxa7 Nd5 24.Nc6 Qd6 25.a7 h6 26.Rfc1 Bg5 27.Bxg5 hxg5 28.g3 
Kh7 29.Ne5 f6 30.Nd7 Rfd8 31.Nb8 Raxb8 32.axb8=Q Rxb8 33.Qc6 Qxc6 34.Rxc6 
Nb4 35.Rxe6 Nd3 36.Rb1 g4 37.b4 Rc8 38.Re3 Nc1 39.d5 Rc2 40.d6 Ne2+ 41.Kf1
Nc3 42.d7 1-0

[Event "zonal 3.5 (w)"]
[Site "Beijing CHN"]
[Date "2009.04.26"]
[Round "9"]
[White "Wang Xiaohui"]
[Black "Huang Qian"]
[Result "0-1"]
[WhiteElo "2265"]
[BlackElo "2410"]
[EventDate "2009.04.17"]
[PlyCount "98"]

1.d4 Nf6 2.c4 g6 3.g3 Bg7 4.Bg2 d5 5.cxd5 Nxd5 6.Nf3 Nb6 7.Nc3 O-O 8.O-O 
Nc6 9.e3 Re8 10.Re1 e5 11.d5 Na5 12.e4 c6 13.Nd2 cxd5 14.exd5 Bf5 15.Nde4 
Rc8 16.Bg5 f6 17.Bc1 Kh8 18.b4 Nac4 19.Nc5 Nd6 20.Qb3 Nd7 21.Be3 b6 22.
N5e4 Bxe4 23.Nxe4 Nxe4 24.Bxe4 f5 25.Bg2 e4 26.Rac1 Ne5 27.Bd4 Qd6 28.Bxe5
Bxe5 29.Qa4 Bd4 30.Rcd1 Qxd5 31.Re2 b5 32.Qb3 Qxb3 33.axb3 Red8 34.Kf1 Bc3
35.Rb1 Bxb4 36.f3 exf3 37.Bxf3 Rd3 38.Bb7 Rc7 39.Ba6 Rd5 40.Kg2 Kg7 41.
Rbb2 Bc3 42.Ra2 Rdc5 43.Re6 b4 44.Be2 Bd4 45.Rd6 Rc2 46.Rxc2 Rxc2 47.Kf3 
Bb6 48.h3 h5 49.Bb5 Rf2# 0-1